[Event "Berlin-ch Seniors op 33rd"]
[Site "Berlin"]
[Date "2017.02.07"]
[Round "7"]
[White "Rollwitz, Inge"]
[Black "Kober, Werner"]
[Result "1-0"]
[WhiteElo "1389"]
[BlackElo "1325"]
[PlyCount "73"]
[EventDate "2017.01.31"]
[EventType "swiss"]
[EventRounds "9"]
[EventCountry "GER"]
[SourceTitle "EXT 2019"]
[Source "ChessBase"]
[SourceDate "2018.10.10"]
[SourceVersion "1"]
[SourceVersionDate "2018.10.10"]
[SourceQuality "1"]

1. e4 e5 2. Nf3 Nc6 3. c3 Bc5 4. d4 exd4 5. cxd4 Bb6 6. d5 Nb8 7. Be2 Nf6 8. Nc3 Ng4 9. 0-0 0-0 10. Nd4 Nf6 11. Re1 h6 12. Bf1 Re8 13. g3 d6 14. Bg2 c5 15. dxc6 Nxc6 16. Nxc6 bxc6 17. Bf4 Ng4 18. Re2 Ba6 19. Rd2 Qc8 20. h3 Nf6 21. Rxd6 Bb7 22. b4 Nh5 23. Qxh5 Bc7 24. Rd3 Bd8 25. Rad1 Bf6 26. a3 Be7 27. Rf3 Bf6 28. e5 Be7 29. Be3 Rf8 30. Ne4 c5 31. Nf6+ gxf6 32. exf6 Bxf3 33. Bxf3 Bxf6 34. Qxh6 Bg7 35. Qh4 Rb8 36. Be4 f5 37. Bd5+ 1-0

[Event "Berlin-ch Seniors op 33rd"]
[Site "Berlin"]
[Date "2017.02.06"]
[Round "6"]
[White "Kober, Werner"]
[Black "Krueger, Antje Christine"]
[Result "0-1"]
[WhiteElo "1325"]
[BlackElo "1567"]
[PlyCount "58"]
[EventDate "2017.01.31"]
[EventType "swiss"]
[EventRounds "9"]
[EventCountry "GER"]
[SourceTitle "EXT 2019"]
[Source "ChessBase"]
[SourceDate "2018.10.10"]
[SourceVersion "1"]
[SourceVersionDate "2018.10.10"]
[SourceQuality "1"]

1. e3 Nf6 2. Bc4 d5 3. Bb3 Bf5 4. h3 h6 5. d4 e6 6. Nf3 Nc6 7. c4 Be7 8. cxd5 exd5 9. Ba4 0-0 10. Bxc6 bxc6 11. 0-0 Ne4 12. Nfd2 Bd6 13. Qf3 Qg5 14. g4 Bh7 15. Qg2 Rab8 16. b3 Bb4 17. Nf3 Qf6 18. Ba3 Bd6 19. Bxd6 Qxd6 20. Rc1 f6 21. Rc2 Ng5 22. Rc5 Be4 23. Nbd2 Nxf3+ 24. Nxf3 f5 25. gxf5 Rxf5 26. Qg4 Rbf8 27. Rac1 Bxf3 28. Rxc6 Qd8 29. Qg6 Rg5+ 0-1

[Event "Berlin-ch Seniors op 31st"]
[Site "Berlin"]
[Date "2015.02.05"]
[Round "7"]
[White "Rabe, Karl Heinz"]
[Black "Kober, Werner"]
[Result "0-1"]
[WhiteElo "1100"]
[BlackElo "1184"]
[PlyCount "98"]
[EventDate "2015.01.29"]
[EventType "swiss"]
[EventRounds "9"]
[EventCountry "GER"]
[SourceTitle "EXT 2018"]
[Source "ChessBase"]
[SourceDate "2017.10.13"]
[SourceVersion "1"]
[SourceVersionDate "2017.10.13"]
[SourceQuality "1"]

1. c4 e5 2. e4 Nf6 3. Nf3 Nc6 4. Nc3 Bc5 5. Be2 Ng4 6. 0-0 d6 7. d3 h6 8. a3 0-0 9. Qe1 Nf6 10. Bd1 Bg4 11. Be3 Bb6 12. h3 Bh5 13. Bxb6 axb6 14. Nd5 Bxf3 15. Nxf6+ Qxf6 16. Bxf3 Nd4 17. Bd1 c6 18. b4 c5 19. Qd2 b5 20. f4 cxb4 21. a4 bxc4 22. dxc4 b3 23. fxe5 Qxe5 24. Qf4 f6 25. Qxe5 dxe5 26. Rf2 Rfc8 27. Rb2 Rxc4 28. Bxb3 Nxb3 29. Rxb3 Rcxa4 30. Rxa4 Rxa4 31. Rxb7 Rxe4 32. Kf2 Kh7 33. Kf3 Rd4 34. g4 Rd3+ 35. Ke4 Rd4+ 36. Ke3 Rf4 37. Rd7 f5 38. gxf5 Rxf5 39. Ke4 Kg6 40. Rd6+ Rf6 41. Kxe5 Rxd6 42. Kxd6 Kg5 43. Ke6 Kh4 44. Kf5 g5 45. Kg6 h5 46. Kf5 g4 47. hxg4 hxg4 48. Kf4 Kh3 49. Ke3 Kh2 0-1

[Event "Berlin-ch Seniors op 31st"]
[Site "Berlin"]
[Date "2015.02.03"]
[Round "5"]
[White "Kober, Werner"]
[Black "Sattler, Guenther"]
[Result "0-1"]
[WhiteElo "1184"]
[BlackElo "1594"]
[PlyCount "48"]
[EventDate "2015.01.29"]
[EventType "swiss"]
[EventRounds "9"]
[EventCountry "GER"]
[SourceTitle "EXT 2018"]
[Source "ChessBase"]
[SourceDate "2017.10.13"]
[SourceVersion "1"]
[SourceVersionDate "2017.10.13"]
[SourceQuality "1"]

1. e4 e5 2. Nf3 d6 3. h3 Nf6 4. Nc3 Be6 5. d4 exd4 6. Nxd4 Be7 7. Nxe6 fxe6 8. Bc4 Qd7 9. 0-0 0-0 10. Bg5 c6 11. Re1 b5 12. Bb3 a5 13. Bxf6 Bxf6 14. a3 Na6 15. Qg4 Rae8 16. Nd1 Nc5 17. Ba2 Be5 18. Re3 Rf4 19. Qe2 Ref8 20. g3 R4f6 21. c3 a4 22. f4 Bxf4 23. gxf4 Rxf4 24. Qg4 Rxg4+ 0-1

[Event "Berlin-ch Seniors op 31st"]
[Site "Berlin"]
[Date "2015.01.29"]
[Round "1"]
[White "Kober, Werner"]
[Black "Kliem, Helmut"]
[Result "1/2-1/2"]
[WhiteElo "1184"]
[BlackElo "1652"]
[PlyCount "96"]
[EventDate "2015.01.29"]
[EventType "swiss"]
[EventRounds "9"]
[EventCountry "GER"]
[SourceTitle "EXT 2018"]
[Source "ChessBase"]
[SourceDate "2017.10.13"]
[SourceVersion "1"]
[SourceVersionDate "2017.10.13"]
[SourceQuality "1"]

1. e4 g6 2. Nf3 d6 3. Bc4 Nf6 4. Ng5 e6 5. Nc3 h6 6. Nf3 Bg7 7. d4 0-0 8. h3 d5 9. exd5 exd5 10. Bb3 c6 11. 0-0 Be6 12. Bf4 Nbd7 13. Re1 b5 14. a3 a5 15. Be5 Nxe5 16. Nxe5 Qc7 17. Ne2 c5 18. c3 Nd7 19. Nxd7 Qxd7 20. dxc5 Rac8 21. Nf4 Rxc5 22. Re3 Rd8 23. Qe2 Re8 24. Re1 a4 25. Ba2 g5 26. Nxe6 fxe6 27. Rxe6 Rxe6 28. Qxe6+ Qxe6 29. Rxe6 Kf8 30. Rd6 d4 31. cxd4 Rc1+ 32. Kh2 Rd1 33. Rd5 Rxd4 34. Rxb5 Rd2 35. Kg3 Rxb2 36. Bc4 Rxb5 37. Bxb5 Bb2 38. Kg4 Bxa3 39. Kh5 Kg7 40. Bxa4 Bc5 41. f3 Bf2 42. Bc2 Be1 43. Kg4 Kf6 44. f4 gxf4 45. Kxf4 Bd2+ 46. Kg4 Kg7 47. Kh5 Be1 48. g4 Bd2 1/2-1/2